Sports Quiz

Random Sports or Basketball Quiz

NBA teams by Hints Quiz Stats

 Plays Quiz not verified by Sporcle

Challenge
Share
Tweet
Embed
Score 0/30 Timer 06:00
0 Plays Today
Hint Team name % Correct
What you use to get to the moonHousten Rockets
97.1%
A male deerMilwaukee Bucks
95.6%
Don't get stung by oneNew Orleans Hornets
93.7%
An extinct animal/dinosaurToronto Raptors
92.2%
It's loud and it comes before lightningOklahoma City Thunder
91.7%
This guy wears a crownSacramento Kings
91.7%
These guys use magicWashington Wizards
91.7%
It hangs under the rimNew Jersey or Brooklyn Nets
90.8%
I can play this music on the saxophone or trumpetUtah Jazz
89.8%
Wizards and Witches use thisOrlando Magic
89.3%
They set the paceIndiana Pacers
89.3%
Lights up the dayPhoenix Suns
88.8%
It's really hot in here....Miami Heat
87.9%
Don't be wearing red around these animals...Chicago Bulls
87.9%
What the barber does to my hairLos Angelas Clippers
80.6%
Hint Team name % Correct
A grey wolf Minnesota Timberwolves
79.6%
1776 Philadelphia 76ers
79.1%
A spiked wheel worn on a heel of a horse riderSan Antonio Spurs
76.2%
A bird that is usually grey or a shade of brown that hunts small mice or other rodentsAtlanta Hawks
75.2%
A style of pants worn by the Dutch settlers who founded New YorkNew York Knicks
74.8%
A species of bear that is brown with small grey hairs as wellMemphis Grizzlies
74.8%
You can swim, fish, or boat in themLos Angeles Lakers
74.3%
A small lump of gold or other precious metal found in the earthDenver Nuggets
69.9%
Someone who is willing to fightGolden State Warriors
68%
A small North American cat with a barred and spotted coat and a short tail.Charlotte Bobcats
64.6%
A pioneer; an innovator/pathfinderPortland Trail Blazers
63.6%
A disk or short cylinder fitting closely within a tube in which it moves up and down against a liquid or gasDetroit Pistons
59.7%
A language groupBoston Celtics
57.3%
A supporter of King Charles I in the English Civil WarCleveland Cavaliers
56.8%
An unbranded animal Dallas Mavericks
52.9%

You're not logged in!

Compare scores with friends on all Sporcle quizzes.
OR
Log In

You Might Also Like...

Show Comments

Extras

Top Quizzes Today


Score Distribution

Your Account Isn't Verified!

In order to create a playlist on Sporcle, you need to verify the email address you used during registration. Go to your Sporcle Settings to finish the process.

Report this User

Report this user for behavior that violates our Community Guidelines.

Details: